Dancing for Hathor : women in ancient Egypt /

محفوظ في:

المؤلف الرئيسي: Graves-Brown, Carolyn (مؤلف)

التنسيق: كتاب

اللغة: English

منشور في: London ; New York : Continuum, 2010.

الموضوعات:

الوسوم: إضافة وسم

لا توجد وسوم, كن أول من يضع وسما على هذه التسجيلة!

رقم الطلب: HQ1137 .E3 G73 2010

LEADER 00785nam a22002417a 4500
003 OSt
005 20250827082014.0
008 270303s2010 enkaf g b 001 0 eng d
020 |a 9781847250544 (hbk.) 
040 |c ARCE Library 
043 |a f-ua--- 
050 1 4 |a HQ1137 .E3   |b G73 2010 
100 1 |a Graves-Brown, Carolyn,   |e author 
245 1 0 |a Dancing for Hathor :   |b women in ancient Egypt /   |c Carolyn Graves-Brown. 
264 1 |a London ;   |a New York :   |b Continuum,   |c 2010. 
300 |a xii, 241 pages :   |b illustrations ;   |c 25 cm. 
500 |a OCLC 432983345 
504 |a Includes bibliographical references (p. 203-229) and index. 
650 0 |a Women  |z Egypt  |x Social conditions. 
651 0 |a Egypt  |x History  |y To 332 B.C. 
901 |a reviewed 
942 |c BK  |2 lcc 
999 |c 22093  |d 22093